Lilo & Stitch Franchise - Statistics

General Stats
  • This quiz has been taken 60 times
  • The average score is 9 of 22
Answer Stats
Type Year Name Info % Correct
Video Game 2002 Disney's Lilo & Stitch Disney Interactive / Ubi Soft
98%
Film 2002 Lilo & Stitch Disney
98%
TV Show 2003-2006 Lilo & Stitch: The Series Disney Channel / ABC
98%
Video Game 2002 Lilo & Stitch: Trouble in Paradise Sony / Disney Interactive
98%
Film 2005 Lilo & Stitch 2: Stitch Has a Glitch Disney
93%
TV Show 2008-2015 Stitch! TV Tokyo / Disney Channel Japan
90%
Film 2003 Stitch! The Movie Disney
90%
TV Film 2006 Leroy & Stitch Disney Channel
71%
Theme Park Attraction 2004-Present Stitch's Great Escape! Disney World
24%
TV Show 2017 Stitch & Ai CCTV-1 / CCTV-14
22%
Video Game 2002 Disney's Stitch: Experiment 626 Sony / Disney Interactive
20%
Short Film 2005 The Origin of Stitch Disney
10%
TV Special 2012 Stitch and the Planet of Sand TV Tokyo / Disney Channel Japan
7%
Theme Park Attraction 2006-Present Stitch Encounter (Various)
7%
Video Game 2009 Disney Stitch Jam Disney Interactive
5%
Video Game 2002 Lilo & Stitch Pinball Disney Interactive
5%
TV Short 2007 Stitch Meets High School Musical Disney Channel Japan
5%
TV Special 2015 Stitch! Perfect Memory TV Tokyo / Disney Channel Japan
5%
Theme Park Attraction 2008-Present The Enchanted Tiki Room: Stitch Presents Aloha e Komo Mai! Tokyo Disneyland
5%
Video Game 2004 Lilo & Stitch 2: Hämsterviel Havoc Disney Interactive
2%
Video Game 2010 Motto! Stitch! DS: Rhythm de Rakugaki Daisakusen Disney Interactive
2%
Theme Park Attraction 2009 Stitch's Supersonic Celebration Disney World
2%
No matching quizzes found
Score Distribution
Percent of People with Each Score
Percentile by Number Answered
Your Score History
You have not taken this quiz